Practice and principles of compiler building with C (Record no. 168220)

MARC details
000 -LEADER
fixed length control field 00402nam a2200145Ia 4500
008 - FIXED-LENGTH DATA ELEMENTS--GENERAL INFORMATION
fixed length control field 231217s9999 xx 000 0 und d
041 ## - LANGUAGE CODE
Language code of text/sound track or separate title English
082 ## - DEWEY DECIMAL CLASSIFICATION NUMBER
Classification number 001.642 ALB;1 `R'
100 ## - MAIN ENTRY--PERSONAL NAME
Personal name Alblas, Henk. Nymeyer, Albert.
245 #0 - TITLE STATEMENT
Title Practice and principles of compiler building with C
260 ## - PUBLICATION, DISTRIBUTION, ETC.
Date of publication, distribution, etc. 1996
Name of publisher, distributor, etc. New Delhi : PHI,
300 ## - PHYSICAL DESCRIPTION
Extent xi+427
650 ## - SUBJECT ADDED ENTRY--TOPICAL TERM
Topical term or geographic name entry element compiler building, C
942 ## - ADDED ENTRY ELEMENTS (KOHA)
Koha item type Books
Holdings
Date last seen Total checkouts Full call number Accession number Cost, total (INR) price Price effective from Category Lost status Damaged status Department Withdrawn status Home library Current library Entry date Vendor Cost, normal purchase price Grants Billnumber Billdate Currency symbol Conversion rate Discount Old discount Shelving location
26/01/2024   001.642 ALB;1 `R' 18644 148.75 26/01/2024 Books     Central Library   Central Library Central Library 05/12/2001 Allied publ. 175.00 CS 8716 07/04/2004 RS 1 26.25 15  
26/01/2024   001.642 ALB;2 `R' 18645 148.75 26/01/2024 Books     Central Library   Central Library Central Library 05/12/2001 Allied publ. 175.00 CS 8716 07/04/2004 RS 1 26.25 15 Library Annex
26/01/2024   001.642 ALB;3 18646 148.75 26/01/2024 Books     Central Library   Central Library Central Library 05/12/2001 Allied publ. 175.00 CS 8716 07/04/2004 RS 1 26.25 15  

© For any Suggestions or Query, please contact the library staff @ librarian@pes.edu or Phone: +9180 2672 1983/ 2108.